Contract Law / (Record no. 6676)
[ view plain ]
| 000 -LEADER | |
|---|---|
| fixed length control field | 00618nam a22002177a 4500 |
| 003 - CONTROL NUMBER IDENTIFIER | |
| control field | BUBTL |
| 008 - FIXED-LENGTH DATA ELEMENTS--GENERAL INFORMATION | |
| fixed length control field | 220404b ||||| |||| 00| 0 eng d |
| 020 ## - INTERNATIONAL STANDARD BOOK NUMBER | |
| International Standard Book Number | 9781137606495 |
| 082 ## - DEWEY DECIMAL CLASSIFICATION NUMBER | |
| Classification number | 346.4202/ M196c/ 2020 |
| 100 ## - MAIN ENTRY--PERSONAL NAME | |
| 9 (RLIN) | 4540 |
| Personal name | McKendrick, Ewan |
| 245 ## - TITLE STATEMENT | |
| Title | Contract Law / |
| Statement of responsibility, etc. | Ewan McKendrick |
| 250 ## - EDITION STATEMENT | |
| Edition statement | 12th Edn. |
| 260 ## - PUBLICATION, DISTRIBUTION, ETC. (IMPRINT) | |
| Place of publication, distribution, etc. | United Kingdom: |
| Name of publisher, distributor, etc. | Palgrave Law Masters, |
| Date of publication, distribution, etc. | c2020 |
| 300 ## - PHYSICAL DESCRIPTION | |
| Extent | 509 p.: |
| Dimensions | 24 cm. |
| 500 ## - GENERAL NOTE | |
| General note | Includes Index |
| 505 ## - FORMATTED CONTENTS NOTE | |
| Formatted contents note | Contract Law, Ewan McKendrick |
| 650 #0 - SUBJECT ADDED ENTRY--TOPICAL TERM | |
| 9 (RLIN) | 26 |
| Topical term or geographic name as entry element | Law |
| 856 ## - ELECTRONIC LOCATION AND ACCESS | |
| Password | 0 |
| Logon | 0 |
| Link text | Download |
| 942 ## - ADDED ENTRY ELEMENTS (KOHA) | |
| Source of classification or shelving scheme | |
| Koha item type | Books |
| Withdrawn status | Lost status | Source of classification or shelving scheme | Damaged status | Not for loan | Collection code | Permanent location | Current location | Shelving location | Date acquired | Source of acquisition | Inventory number | Total Checkouts | Full call number | Barcode | Date last seen | Copy number | Price effective from | Koha item type | Date last checked out | Total Renewals |
|---|---|---|---|---|---|---|---|---|---|---|---|---|---|---|---|---|---|---|---|---|
| Not For Loan | Non-fiction | Bangladesh University of Business and Technology Library | Bangladesh University of Business and Technology Library | Law Stacks | 03/27/2022 | Purchase | 28557 | 346.4202/ M196c/ 2020 | BUBTL-200328557 | 04/04/2022 | C-1 | 04/04/2022 | Books | |||||||
| Non-fiction | Bangladesh University of Business and Technology Library | Bangladesh University of Business and Technology Library | Law Stacks | 03/27/2022 | Purchase | 28558 | 1 | 346.4202/ M196c/ 2020 | BUBTL-200328558 | 07/11/2024 | C-2 | 04/04/2022 | Books | 07/08/2024 | ||||||
| Non-fiction | Bangladesh University of Business and Technology Library | Bangladesh University of Business and Technology Library | Law Stacks | 03/27/2022 | Purchase | 28559 | 3 | 346.4202/ M196c/ 2020 | BUBTL-200328559 | 07/15/2024 | C-3 | 04/04/2022 | Books | 07/08/2024 | 1 | |||||
| Non-fiction | Bangladesh University of Business and Technology Library | Bangladesh University of Business and Technology Library | Law Stacks | 03/27/2022 | Purchase | 28560 | 1 | 346.4202/ M196c/ 2020 | BUBTL-200328560 | 07/31/2023 | C-4 | 04/04/2022 | Books | 07/26/2023 | ||||||
| Not For Loan | Non-fiction | Bangladesh University of Business and Technology Library | Bangladesh University of Business and Technology Library | Law Stacks | 03/27/2022 | Purchase | 28561 | 346.4202/ M196c/ 2020 | BUBTL-200328561 | 04/04/2022 | C-5 | 04/04/2022 | Books |
